| 000 | 01462cam a2200361 i 4500 | ||
|---|---|---|---|
| 001 | 10479 | ||
| 003 | Mx-PuUPA | ||
| 005 | 20260324125248.0 | ||
| 008 | 140415s2026 mx gr l 000 0 spa d | ||
| 020 | _a9786075417370 | ||
| 040 |
_cMx-PuUPA _aMx-PuUPA _bspa _dMx-PuUPA _erda |
||
| 041 | 0 | _aspa | |
| 043 | _an-mx--- | ||
| 100 | 1 |
_aSánchez Miranda, Arnulfo, _eautor _94985 |
|
| 245 | 1 | 0 |
_aAplicación práctica del código fiscal de la federación / _cArnulfo Sánchez Miranda |
| 250 |
_a21a. edición / _benero |
||
| 264 | 1 |
_aCiudad de México : _bEdiciones Fiscales ISEF, _c2026 |
|
| 300 |
_a363 páginas ; _c21 cm |
||
| 336 |
_2rdacontent _atexto _btxt |
||
| 337 |
_2rdamedia _asin medio _bn |
||
| 338 |
_2rdacarrier _avolumen _bnc |
||
| 490 | 0 | _aLínea Universitaria | |
| 500 | _a"Comprobantes fiscales falsos y auditorías rápidas". -- Cubiertas | ||
| 500 | _a"Con reformas fiscales y RMF 2026". -- Cubierta | ||
| 650 | 7 |
_913986 _2armarc _aImpuestos _xDerecho _zMéxico |
|
| 650 | 7 |
_2armarc _aFinanzas públicas _vLegislación _zMéxico |
|
| 650 | 7 |
_2armarc _aImpuesto _zMéxico |
|
| 942 |
_2ddc _cLI _h343.7204 _iS54 |
||
| 999 |
_c10479 _d10479 |
||